Văn hoá truyền thống của người Nùng An xã Phúc Sen, huyện Quảng Uyên, tỉnh Cao Bằng
Trình bày tổng quát về vị trí địa lí, môi trường tự nhiên, con người, tình hình kinh tế, văn hoá xã hội của xã Phúc Sen và bản Phia Chang. Giới thiệu về văn hoá truyền thống và vai trò của văn hoá truyền thống đối với với sự phát triển kinh tế văn hoá xã hội ở xã Phúc Sen...
Bewaard in:
| Hoofdauteur: | |
|---|---|
| Andere auteurs: | |
| Formaat: | Boek |
| Taal: | Vietnamese |
| Gepubliceerd in: |
H.
Đại học Quốc gia Hà Nội
2011
|
| Onderwerpen: | |
| Tags: |
Voeg label toe
Geen labels, Wees de eerste die dit record labelt!
|
| Thư viện lưu trữ: | Mạng thư viện Đại học Đà Nẵng |
|---|
| LEADER | 01787aam a22003858a 4500 | ||
|---|---|---|---|
| 001 | 000015931 | ||
| 003 | 12319 | ||
| 005 | 20120606140601.0 | ||
| 008 | 120606s2011 viesd | ||
| 020 | |a 9786046203209 |d 2000b | ||
| 041 | 0 | |a vie | |
| 082 | 1 | 4 | |2 14 |a 305.89591 |b NG-Y |
| 100 | 1 | |a Nguyễn Thị Yên | |
| 245 | 1 | 0 | |a Văn hoá truyền thống của người Nùng An |b xã Phúc Sen, huyện Quảng Uyên, tỉnh Cao Bằng |c Nguyễn Thị Yên, Hoàng Thị Nhuận |
| 260 | |a H. |b Đại học Quốc gia Hà Nội |c 2011 | ||
| 300 | |a 267tr. |b bảng |c 21cm | ||
| 500 | |a ĐTTS ghi: Hội Văn nghệ dân gian Việt Nam | ||
| 504 | |a Phụ lục: tr. 223-258. - Thư mục: tr. 261-263 | ||
| 520 | |a Trình bày tổng quát về vị trí địa lí, môi trường tự nhiên, con người, tình hình kinh tế, văn hoá xã hội của xã Phúc Sen và bản Phia Chang. Giới thiệu về văn hoá truyền thống và vai trò của văn hoá truyền thống đối với với sự phát triển kinh tế văn hoá xã hội ở xã Phúc Sen | ||
| 650 | 7 | |2 Bộ TK TVQG |a Văn hoá truyền thống | |
| 650 | 4 | |a Phúc Sen | |
| 650 | 7 | |2 Bộ TK TVQG |a Dân tộc Nùng | |
| 651 | 7 | |2 Bộ TK TVQG |a Quảng Uyên | |
| 651 | 7 | |2 Bộ TK TVQG |a Cao Bằng | |
| 700 | 1 | |a Hoàng Thị Nhuận | |
| OWN | |a LSP | ||
| AVA | |a UDN50 |b LSP |d 305.89591 NG-Y |e available |t Error 5001 Not defined in file expand_doc_bib_avail. |f 1 |g 0 |h N |i 0 |k 1 | ||
| 999 | |a From the UDN01 | ||
| AVA | |a UDN50 |b LSP |d 305.89591 NG-Y |e available |t Error 5001 Not defined in file expand_doc_bib_avail. |f 1 |g 0 |h N |i 0 |k 1 | ||
| TYP | |a Monograph | ||
| TYP | |a Printed language | ||
| 980 | |a Mạng thư viện Đại học Đà Nẵng | ||


